000 00961nam a2200229 a 4500
005 20120105141933.0
010 _aB-444532
020 _a9788184971989
_c65.00
035 _aB-444532
037 _bBlue Berry/Ven
082 _aS
100 _aBlacker, Terence
_939088
245 _aTime files for Ms Wiz /
_cby Terence Blacker; illustrated by Tony Ross
260 _aNew Delhi
_bBPI India
_c2011
270 _aF-213 / A, Ground Floor, Old Mehrauli Badarpur Road, Lado Sarai
_bNew Delhi
_e110030
300 _a56p.
_c21cm(pbk)
_bill.
700 _a Ross, Tony
_938323
856 _3Table of contents
_uhttp://www.loc.gov/catdir/toc/ecip0516/2005020735.html
942 _2ddc
_cCH
_mBLA
_hS
999 _c60369
_d60369